[Event "DRUGA LIGA CENTRALNE SRBIJE - ISTOK 2017"]
[Site "Srebrno jezero"]
[Date "2017.10.07"]
[Round "10.1"]
[White "Cvetkovic, Nemanja"]
[Black "Djukic, Zeljko"]
[Result "1-0"]
[WhiteElo "2253"]
[BlackElo "2320"]
[PlyCount "36"]
[EventDate "2017.09.08"]

1. d4 d6 2. Nf3 Bg4 3. g3 e6 4. Bg2 Bxf3 5. Bxf3 e5 6. c4 c6 7. Qc2 Nd7 8. Nd2
f5 9. O-O Ngf6 10. Rb1 a5 11. a3 Ra7 12. b4 b5 13. cxb5 cxb5 14. bxa5 Rxa5 15.
Nb3 Ra4 16. Qd3 Qb6 17. Nc5 dxc5 18. dxc5 Bxc5 1-0

[Event "DRUGA LIGA CENTRALNE SRBIJE - ISTOK 2017"]
[Site "Srebrno jezero"]
[Date "2017.10.07"]
[Round "10.1"]
[White "Ivic, Matija"]
[Black "Gajovic, Dragan"]
[Result "1/2-1/2"]
[WhiteElo "2300"]
[BlackElo "2141"]
[PlyCount "49"]
[EventDate "2017.09.08"]

1. d4 d6 2. c4 e5 3. Nf3 e4 4. Ng5 f5 5. g3 h6 6. Nh3 h5 7. Bg2 Nf6 8. Nc3 Be7
9. f3 exf3 10. exf3 O-O 11. O-O c6 12. Be3 Be6 13. d5 cxd5 14. cxd5 Bd7 15. Qb3
Na6 16. Qxb7 Qa5 17. Qb3 Rab8 18. Qc2 Nxd5 19. Nxd5 Qxd5 20. Rfd1 Qe5 21. Bxa7
Qxb2 22. Qxb2 Bf6 23. f4 Bxb2 24. Bxb8 Rxb8 25. Rab1 1/2-1/2

[Event "DRUGA LIGA CENTRALNE SRBIJE - ISTOK 2017"]
[Site "Srebrno jezero"]
[Date "2017.10.07"]
[Round "10.1"]
[White "Grkovic, Vladan"]
[Black "Golubovic, Marko"]
[Result "1-0"]
[WhiteElo "2213"]
[BlackElo "1976"]
[PlyCount "84"]
[EventDate "2017.09.08"]

1. Nf3 Nf6 2. d4 c5 3. c4 cxd4 4. Nxd4 g6 5. g3 Bg7 6. Bg2 Nc6 7. O-O O-O 8.
Nc3 Nxd4 9. Qxd4 d6 10. Qh4 Qb6 11. b3 Qa5 12. Bd2 Qc5 13. Rad1 Rb8 14. Be3 Qa5
15. Bd2 Qc5 16. Qg5 b6 17. Qe3 Bb7 18. Bxb7 Rxb7 19. Qf3 Rc7 20. Nb5 Rd7 21.
Be3 Qh5 22. Qxh5 Nxh5 23. Bd4 Rc8 24. a4 Nf6 25. f3 Rb7 26. Bxf6 Bxf6 27. Rd5
a6 28. Na3 Bb2 29. Nb1 Rc5 30. Rd2 Bf6 31. Na3 Bc3 32. Ra2 Bd4+ 33. Kg2 Be3 34.
Rd1 f5 35. Nc2 Bh6 36. Nb4 Ra7 37. Rd3 Kf7 38. f4 Bg7 39. Kf3 e5 40. Rxd6 exf4
41. gxf4 Re7 42. Nd5 Bd4 1-0

[Event "DRUGA LIGA CENTRALNE SRBIJE - ISTOK 2017"]
[Site "Srebrno jezero"]
[Date "2017.10.07"]
[Round "10.1"]
[White "Ristic, Boban"]
[Black "Pantic, Dejan"]
[Result "1-0"]
[WhiteElo "2030"]
[BlackElo "1830"]
[PlyCount "43"]
[EventDate "2017.09.08"]

1. d4 Nf6 2. Nf3 d5 3. Bf4 g6 4. h3 Bg7 5. e3 Nc6 6. b3 Ne4 7. Nbd2 Nxd2 8.
Qxd2 Bd7 9. Bd3 a6 10. c4 e6 11. O-O Ne7 12. Rac1 Bc6 13. Ne5 f6 14. Nxc6 Nxc6
15. cxd5 exd5 16. b4 f5 17. b5 Bf6 18. Qc2 axb5 19. Bh2 Be7 20. Qb1 Bd6 21.
Rxc6 bxc6 22. Be2 1-0

[Event "DRUGA LIGA CENTRALNE SRBIJE - ISTOK 2017"]
[Site "Srebrno jezero"]
[Date "2017.10.07"]
[Round "10.2"]
[White "Vlahovic, Bogdan"]
[Black "Delchev, Aleksander"]
[Result "0-1"]
[WhiteElo "2307"]
[BlackElo "2577"]
[PlyCount "37"]
[EventDate "2017.09.08"]

1. Nf3 g6 2. d4 Nf6 3. g3 Bg7 4. Bg2 c5 5. O-O cxd4 6. Nxd4 O-O 7. e4 Nc6 8.
Ne2 b5 9. Nbc3 Rb8 10. a3 d6 11. Rb1 a5 12. h3 e6 13. Nf4 Ba6 14. b4 Qc7 15.
Nd3 Nd7 16. bxa5 Nde5 17. Nxe5 Nxe5 18. Ne2 Bb7 19. Bf4 0-1

[Event "DRUGA LIGA CENTRALNE SRBIJE - ISTOK 2017"]
[Site "Srebrno jezero"]
[Date "2017.10.07"]
[Round "10.2"]
[White "Trickovic, Borivoje"]
[Black "Zivkovic, Nemanja"]
[Result "1-0"]
[WhiteElo "2227"]
[BlackElo "2282"]
[PlyCount "73"]
[EventDate "2017.09.08"]

1. d4 Nf6 2. Bg5 d5 3. Nd2 Nbd7 4. e3 g6 5. f4 Bg7 6. Bd3 c5 7. c3 b6 8. Ngf3
Bb7 9. Bh4 O-O 10. Qe2 Ne8 11. Bf2 Ndf6 12. Ne5 Nd6 13. h4 Nde4 14. O-O-O Nxd2
15. Rxd2 Qc8 16. h5 Ne4 17. hxg6 hxg6 18. Rdd1 Bxe5 19. dxe5 Kg7 20. Bh4 Qe6
21. a4 Rh8 22. Bxe4 dxe4 23. Kb1 Rh7 24. Bg3 Rxh1 25. Rxh1 Qc6 26. f5 Ba6 27.
c4 Rd8 28. Rd1 Rxd1+ 29. Qxd1 Bxc4 30. fxg6 Qxg6 31. Qe1 Bd3+ 32. Ka1 a6 33.
Bh4 f6 34. exf6+ exf6 35. g3 b5 36. axb5 axb5 37. Qa5 1-0

[Event "DRUGA LIGA CENTRALNE SRBIJE - ISTOK 2017"]
[Site "Srebrno jezero"]
[Date "2017.10.07"]
[Round "10.2"]
[White "Stankovic, Ivan G"]
[Black "Petrov, Georgi"]
[Result "1/2-1/2"]
[WhiteElo "2294"]
[BlackElo "2227"]
[PlyCount "21"]
[EventDate "2017.09.08"]

1. c4 c5 2. Nc3 g6 3. g3 Bg7 4. Bg2 Nc6 5. Rb1 d6 6. d3 e5 7. e4 Nge7 8. Nge2
O-O 9. a3 b6 10. Be3 Bb7 11. O-O 1/2-1/2

[Event "DRUGA LIGA CENTRALNE SRBIJE - ISTOK 2017"]
[Site "Srebrno jezero"]
[Date "2017.10.07"]
[Round "10.2"]
[White "Krstic, Ranko"]
[Black "Tonic, Milos"]
[Result "1/2-1/2"]
[WhiteElo "2179"]
[BlackElo "2021"]
[PlyCount "36"]
[EventDate "2017.09.08"]

1. d4 Nf6 2. c4 e6 3. Nf3 Bb4+ 4. Nbd2 b6 5. g3 Bb7 6. Bg2 O-O 7. O-O a5 8. a3
Bxd2 9. Bxd2 d6 10. Bc3 b5 11. b4 bxc4 12. bxa5 Bxf3 13. Bxf3 Ra6 14. Bb4 c3
15. d5 exd5 16. Bxc3 c5 17. Bxd5 Nxd5 18. Qxd5 Nc6 1/2-1/2

[Event "DRUGA LIGA CENTRALNE SRBIJE - ISTOK 2017"]
[Site "Srebrno jezero"]
[Date "2017.10.07"]
[Round "10.2"]
[White "Dimitrijevic, Dusan"]
[Black "Petrovic, Grade"]
[Result "1/2-1/2"]
[WhiteElo "2109"]
[BlackElo "2061"]
[PlyCount "60"]
[EventDate "2017.09.08"]

1. e4 c6 2. d4 d5 3. Nd2 dxe4 4. Nxe4 Nf6 5. Nxf6+ gxf6 6. Nf3 h5 7. Bf4 Bf5 8.
Bd3 Bxd3 9. Qxd3 e6 10. O-O Bd6 11. Qe3 Qc7 12. Bxd6 Qxd6 13. c4 Nd7 14. d5
cxd5 15. cxd5 Qxd5 16. g3 f5 17. Rfe1 h4 18. Nxh4 Qe4 19. Qxe4 fxe4 20. Rxe4 f6
21. b3 a6 22. a4 b5 23. axb5 Nc5 24. Rb4 f5 25. f3 e5 26. f4 exf4 27. Rxf4 Nxb3
28. Nxf5 Nxa1 29. Nd6+ Kd8 30. Nf7+ Kd7 1/2-1/2

[Event "DRUGA LIGA CENTRALNE SRBIJE - ISTOK 2017"]
[Site "Srebrno jezero"]
[Date "2017.10.07"]
[Round "10.2"]
[White "Mitic, Jovan Dj"]
[Black "Stanojevic, Ilija"]
[Result "0-1"]
[WhiteElo "2083"]
[BlackElo "2056"]
[PlyCount "69"]
[EventDate "2017.09.08"]

1. e4 e6 2. d4 d5 3. exd5 exd5 4. Bd3 Nf6 5. Bf4 c5 6. dxc5 Bxc5 7. Nf3 O-O 8.
O-O Bg4 9. h3 Bh5 10. Nc3 h6 11. g4 Bg6 12. Ne5 Bxd3 13. Qxd3 Nc6 14. Rad1 Re8
15. Nf3 Qb6 16. Qb5 d4 17. Qxb6 axb6 18. Nb5 Rxa2 19. Nbxd4 Rxb2 20. Bc1 Ra2
21. g5 hxg5 22. Bxg5 Ne4 23. Be3 Nc3 24. Rde1 Nb4 25. Bd2 Rxe1 26. Rxe1 Ncd5
27. Re8+ Kh7 28. Ng5+ Kg6 29. Ndf3 Be7 30. Ne5+ Kf5 31. Ngxf7 Bg5 32. Bxg5 Rxc2
33. h4 Ra2 34. Rg8 Ke4 35. Rxg7 0-1

[Event "DRUGA LIGA CENTRALNE SRBIJE - ISTOK 2017"]
[Site "Srebrno jezero"]
[Date "2017.10.07"]
[Round "10.3"]
[White "Radosavljevic, Slobodan D"]
[Black "Livaja, Mario"]
[Result "1-0"]
[WhiteElo "2253"]
[BlackElo "2314"]
[PlyCount "45"]
[EventDate "2017.09.08"]

1. d3 e5 2. Bd2 Nc6 3. c4 Bc5 4. Nc3 d6 5. Nf3 a6 6. e3 g6 7. Be2 Nf6 8. Na4 b6
9. d4 Ne4 10. dxc5 Nxd2 11. Qxd2 bxc5 12. Nxc5 dxc5 13. Qxd8+ Kxd8 14. O-O-O+
Ke8 15. Ng5 Nb4 16. Bf3 a5 17. Bxa8 Nxa2+ 18. Kb1 c6 19. Bxc6+ Ke7 20. b3 h6
21. Ne4 Nb4 22. Bb5 f6 23. Nxc5 1-0

[Event "DRUGA LIGA CENTRALNE SRBIJE - ISTOK 2017"]
[Site "Srebrno jezero"]
[Date "2017.10.07"]
[Round "10.3"]
[White "Zivkovic, Marko"]
[Black "Spasojevic, Zoran M"]
[Result "1-0"]
[WhiteElo "2194"]
[BlackElo "2226"]
[PlyCount "46"]
[EventDate "2017.09.08"]

1. d4 d5 2. Nf3 Nf6 3. Bf4 e6 4. e3 c5 5. c3 Nc6 6. Nbd2 Be7 7. Bd3 O-O 8. h3
b6 9. O-O Bb7 10. Qe2 Re8 11. Bh2 Bd6 12. Ne5 Bxe5 13. dxe5 Nd7 14. f4 c4 15.
Bc2 b5 16. Nf3 g6 17. Bg3 Qb6 18. Bh4 b4 19. Qe1 Nc5 20. Bf6 Nd3 21. Bxd3 cxd3
22. Qh4 Qxe3+ 23. Kh1 h5 1-0

[Event "DRUGA LIGA CENTRALNE SRBIJE - ISTOK 2017"]
[Site "Srebrno jezero"]
[Date "2017.10.07"]
[Round "10.3"]
[White "Stankovic, Dejan"]
[Black "Jovanovic, Darko"]
[Result "1/2-1/2"]
[WhiteElo "2222"]
[BlackElo "1945"]
[PlyCount "26"]
[EventDate "2017.09.08"]

1. e4 c5 2. Nf3 d6 3. Bb5+ Bd7 4. Bxd7+ Nxd7 5. O-O Ndf6 6. Re1 e6 7. c3 Be7 8.
d4 cxd4 9. cxd4 Nh6 10. e5 Nd7 11. Bxh6 Nxe5 12. Bxg7 Nxf3+ 13. Qxf3 Rg8
1/2-1/2

[Event "DRUGA LIGA CENTRALNE SRBIJE - ISTOK 2017"]
[Site "Srebrno jezero"]
[Date "2017.10.07"]
[Round "10.3"]
[White "Milosevic, Aleksandar J"]
[Black "Ivanovic, Veljko"]
[Result "1-0"]
[WhiteElo "1970"]
[BlackElo "1962"]
[PlyCount "35"]
[EventDate "2017.09.08"]

1. e4 c5 2. Nf3 e6 3. d4 cxd4 4. Nxd4 Nf6 5. Nc3 a6 6. Bc4 d5 7. Bb3 b5 8. a3
Be7 9. O-O O-O 10. Be3 Qc7 11. f4 Nc6 12. f5 Nxd4 13. Bxd4 Qc6 14. e5 Ne4 15.
Nxe4 f6 16. exf6 exf5 17. fxe7 fxe4 18. Rxf8# 1-0

[Event "DRUGA LIGA CENTRALNE SRBIJE - ISTOK 2017"]
[Site "Srebrno jezero"]
[Date "2017.10.07"]
[Round "10.5"]
[White "Pavlovic, Goran"]
[Black "Golubovic, Zoran"]
[Result "1-0"]
[WhiteElo "2367"]
[BlackElo "2274"]
[PlyCount "55"]
[EventDate "2017.09.08"]

1. d4 Nf6 2. Nf3 g6 3. c4 Bg7 4. Nc3 d6 5. e4 O-O 6. Be2 e5 7. d5 Nbd7 8. Bg5
h6 9. Bh4 a6 10. Nd2 Qe8 11. Qc2 c5 12. a3 Kh7 13. b4 Rb8 14. Rb1 Qd8 15. O-O
Qc7 16. Rb2 cxb4 17. axb4 b6 18. Rc1 Re8 19. Qa4 g5 20. Bg3 Bf8 21. Rbc2 Be7
22. f3 Rg8 23. Nd1 Nh5 24. Ne3 Nf4 25. Rc3 Nxe2+ 26. Kh1 Nf6 27. Nf5 Nxg3+ 28.
Nxg3 1-0

[Event "DRUGA LIGA CENTRALNE SRBIJE - ISTOK 2017"]
[Site "Srebrno jezero"]
[Date "2017.10.07"]
[Round "10.5"]
[White "Keca, Dragomir"]
[Black "Djokic, Nebojsa"]
[Result "0-1"]
[WhiteElo "2174"]
[BlackElo "2209"]
[PlyCount "79"]
[EventDate "2017.09.08"]

1. Nf3 Nf6 2. c4 g6 3. Nc3 Bg7 4. e4 d6 5. d4 O-O 6. Be2 e5 7. O-O Nc6 8. d5
Ne7 9. Ne1 Nd7 10. Be3 f5 11. f3 f4 12. Bf2 g5 13. Nd3 Nf6 14. c5 Ng6 15. Rc1
Rf7 16. a4 Bf8 17. Kh1 h5 18. Nb5 a6 19. Na3 g4 20. Nc4 g3 21. hxg3 fxg3 22.
Bxg3 h4 23. Bf2 Nh5 24. Qe1 Bh6 25. Rc2 Bf4 26. Nxf4 exf4 27. Kh2 Ng3 28. Rg1
Ne5 29. Nxe5 dxe5 30. Qc3 Qg5 31. c6 b5 32. Qe1 Rh7 33. Bf1 Kh8 34. a5 Qh6 35.
b4 h3 36. Bxg3 fxg3+ 37. Qxg3 Rg7 38. gxh3 Rxg3 39. Rgg2 Bxh3 40. Kh1 0-1

[Event "DRUGA LIGA CENTRALNE SRBIJE - ISTOK 2017"]
[Site "Srebrno jezero"]
[Date "2017.10.07"]
[Round "10.5"]
[White "Djukic, Slobodan D"]
[Black "Radivojevic, Milan Z"]
[Result "1-0"]
[WhiteElo "2176"]
[BlackElo "2083"]
[PlyCount "45"]
[EventDate "2017.09.08"]

1. e4 c5 2. Nf3 e6 3. d4 cxd4 4. Nxd4 Nc6 5. Nc3 Qc7 6. Be2 a6 7. O-O Nf6 8.
Be3 Bb4 9. Na4 Be7 10. Nxc6 bxc6 11. Nb6 Rb8 12. Nxc8 Qxc8 13. Bd4 Qc7 14. e5
Nd5 15. c4 Nf4 16. Bf3 O-O 17. Be4 f5 18. exf6 gxf6 19. Qg4+ Kh8 20. Qh4 Rf7
21. Rfe1 e5 22. Bc3 f5 23. Qxf4 1-0

[Event "DRUGA LIGA CENTRALNE SRBIJE - ISTOK 2017"]
[Site "Srebrno jezero"]
[Date "2017.10.07"]
[Round "10.5"]
[White "Zivic, Jovan"]
[Black "Madjar, Stanislav"]
[Result "0-1"]
[WhiteElo "1979"]
[BlackElo "2176"]
[PlyCount "53"]
[EventDate "2017.09.08"]

1. d4 Nf6 2. Nf3 e6 3. Bf4 c5 4. e3 b6 5. c3 Bb7 6. h3 Be7 7. Be2 cxd4 8. exd4
O-O 9. O-O d6 10. Nbd2 Nbd7 11. a4 a6 12. Re1 Qc7 13. Bf1 Rfe8 14. Qb3 Bd5 15.
Bc4 Rab8 16. Bxd5 Nxd5 17. Bg3 b5 18. axb5 axb5 19. Ra6 Rb6 20. Ra2 Reb8 21.
Rea1 Qc6 22. c4 bxc4 23. Qxc4 N5f6 24. Bh4 Bf8 25. Ra6 Qxc4 26. Nxc4 R6b7 27.
Rc6 0-1

[Event "DRUGA LIGA CENTRALNE SRBIJE - ISTOK 2017"]
[Site "Srebrno jezero"]
[Date "2017.10.07"]
[Round "10.5"]
[White "Ilic, Aleksandar"]
[Black "Stojanovic, Milorad"]
[Result "1-0"]
[WhiteElo "2072"]
[BlackElo "1922"]
[PlyCount "31"]
[EventDate "2017.09.08"]

1. e4 e5 2. Nf3 Nc6 3. d4 exd4 4. Bc4 Nf6 5. e5 Ng4 6. O-O Ngxe5 7. Nxe5 Nxe5
8. Re1 Bd6 9. f4 Qe7 10. fxe5 Bxe5 11. Bf4 d6 12. Bxe5 dxe5 13. Qh5 O-O 14. Nd2
Qb4 15. Rxe5 Qxd2 16. Qxf7+ 1-0

[Event "DRUGA LIGA CENTRALNE SRBIJE - ISTOK 2017"]
[Site "Srebrno jezero"]
[Date "2017.10.07"]
[Round "10.5"]
[White "Stankovic, Darko"]
[Black "Petrovic, Tijana"]
[Result "0-1"]
[WhiteElo "1912"]
[BlackElo "1797"]
[PlyCount "98"]
[EventDate "2017.09.08"]

1. d4 Nf6 2. Nf3 e6 3. e3 b6 4. b3 Bb7 5. Bb2 Be7 6. Be2 O-O 7. O-O c5 8. c4 d5
9. Nc3 Nbd7 10. Ne5 Qc7 11. f4 Ne4 12. Qc2 a6 13. Nxe4 dxe4 14. Rad1 Rad8 15.
Rd2 f6 16. Ng4 cxd4 17. exd4 Bd6 18. g3 e5 19. fxe5 fxe5 20. Ne3 exd4 21. Bxd4
Ne5 22. Nf5 Bc5 23. Qc3 e3 24. Nxe3 Rxf1+ 25. Kxf1 Rf8+ 26. Kg1 Qf7 27. Nd5 Nc6
28. Bxc5 bxc5 29. Qe3 Nd4 30. Nf4 Re8 31. Qf2 Qf5 32. Nd5 Qe4 33. Bd1 Bxd5 34.
cxd5 Rf8 35. Rxd4 cxd4 36. Qe2 Qxd5 37. Bc2 Qf3 38. Bd3 Qxe2 39. Bxe2 Rf6 40.
g4 g5 41. Kg2 Kg7 42. Bd3 h6 43. Bf5 Rd6 44. Bd3 Kf6 45. h3 a5 46. Kg3 Rc6 47.
Kf3 Ke5 48. Kg3 Rc3 49. Kf2 Kf4 0-1

[Event "DRUGA LIGA CENTRALNE SRBIJE - ISTOK 2017"]
[Site "Srebrno jezero"]
[Date "2017.10.07"]
[Round "10.5"]
[White "Ratkovic, Tihomir"]
[Black "Pavlovic, Andrija"]
[Result "1-0"]
[WhiteElo "1780"]
[BlackElo "1665"]
[PlyCount "79"]
[EventDate "2017.09.08"]

1. Nf3 c5 2. c4 g6 3. Nc3 Bg7 4. g3 b6 5. Bg2 Bb7 6. O-O e6 7. d3 Ne7 8. a3 d5
9. Bg5 O-O 10. Qc1 d4 11. Ne4 f5 12. Ned2 Qc7 13. b4 Nbc6 14. bxc5 bxc5 15. Nb3
Nd8 16. a4 Nf7 17. Bxe7 Qxe7 18. Qa3 Rfc8 19. Rab1 Rab8 20. Nbxd4 e5 21. Nb5 e4
22. Nd2 exd3 23. exd3 Bxg2 24. Kxg2 f4 25. Ne4 Qd7 26. Rbd1 Ne5 27. f3 a6 28.
Nbd6 Rc6 29. gxf4 Nf7 30. Nxf7 Qxf7 31. Rb1 Rd8 32. Rfd1 Qf5 33. Rb7 g5 34. h3
Rf8 35. Rxg7+ Kxg7 36. d4 Re6 37. Qd3 cxd4 38. Qxd4+ Kg8 39. Rd3 h5 40. Qd5 1-0

[Event "DRUGA LIGA CENTRALNE SRBIJE - ISTOK 2017"]
[Site "Srebrno jezero"]
[Date "2017.10.07"]
[Round "10.4"]
[White "Mitic, Milan"]
[Black "Kandjolas, Konstantin"]
[Result "1-0"]
[WhiteElo "2117"]
[BlackElo "1869"]
[PlyCount "29"]
[EventDate "2017.09.08"]

1. Nf3 d5 2. d4 Nf6 3. Bf4 Bf5 4. e3 e6 5. Bd3 Bg6 6. h3 Bd6 7. Ne5 Bxd3 8.
Qxd3 O-O 9. Nd2 Nc6 10. c4 h6 11. g4 dxc4 12. Ndxc4 Bb4+ 13. Ke2 Nd5 14. Bh2
Nxe5 15. Bxe5 1-0